UM Logo

Antas ng Kabalisahan ng mga Mag-aaral sa Asignaturang Filipino At Epekto Nito Sa Pagtuto. (Record no. 6375)

MARC details
000 -LEADER
fixed length control field 00618nam a22001577a 4500
008 - FIXED-LENGTH DATA ELEMENTS--GENERAL INFORMATION
fixed length control field 170309b xxu||||| |||| 00| 0 eng d
082 ## - DEWEY DECIMAL CLASSIFICATION NUMBER
Edition number 2016
Classification number UT 0708
Item number Ag14
100 ## - MAIN ENTRY--PERSONAL NAME
9 (RLIN) 19196
Personal name Aganio, Jenny Rica T.
245 ## - TITLE STATEMENT
Title Antas ng Kabalisahan ng mga Mag-aaral sa Asignaturang Filipino At Epekto Nito Sa Pagtuto.
Statement of responsibility, etc. Jenny Rica T. Aganio, Ruby Joy A. Collados and Norelyn A. Fuentes.
300 ## - PHYSICAL DESCRIPTION
Extent 47 pages;
Other physical details 28 cm.
650 #0 - SUBJECT ADDED ENTRY--TOPICAL TERM
9 (RLIN) 19197
Topical term or geographic name as entry element Education
Form subdivision Filipino
General subdivision Undergraduate Thesis.
700 ## - ADDED ENTRY--PERSONAL NAME
9 (RLIN) 19198
Personal name Aganio, Jenny Rica T.
700 ## - ADDED ENTRY--PERSONAL NAME
9 (RLIN) 19200
Personal name Collados, Ruby Joy A.
700 ## - ADDED ENTRY--PERSONAL NAME
9 (RLIN) 19201
Personal name Fuentes, Norelyn A.
942 ## - ADDED ENTRY ELEMENTS (KOHA)
Source of classification or shelving scheme Dewey Decimal Classification
Koha item type Undergraduate Thesis
Holdings
Withdrawn status Lost status Source of classification or shelving scheme Damaged status Not for loan Home library Current library Date acquired Total Checkouts Full call number Barcode Date last seen Copy number Price effective from Koha item type
    Dewey Decimal Classification     UM Digos College - LIC UM Digos College - LIC 11/07/2016   UT 0708 Ag14 2016 UT0708 03/09/2017 1 03/09/2017 Undergraduate Thesis
    Dewey Decimal Classification     UM Digos College - LIC UM Digos College - LIC 02/27/2017   UT 0754 Ag14 2016 UT0754 04/24/2017 2 04/24/2017 Undergraduate Thesis
    Dewey Decimal Classification     UM Digos College - LIC UM Digos College - LIC 02/27/2017   UT 0759 Ag14 2016 UT0759 04/24/2017 3 04/24/2017 Undergraduate Thesis